Statistics for Colorado Counties Quiz

Click here to take the quiz!

General Stats

  • This quiz has been taken 5,950 times
  • The average score is 31 of 64

Answers on the Map

Answers color-coded by a green-red scale on the quiz's map according to % correct below.
Loading ...
 

Answer Stats

PopulationCounty% Correct
600,158Denver
96%
534,543Jefferson
82%
294,567Boulder
79%
441,603Adams
76%
572,003Arapahoe
71%
159,063Pueblo
69%
622,263El Paso
65%
4,814Washington
63%
252,825Weld
61%
285,465Douglas
60%
55,889Broomfield
58%
5,467Lincoln
58%
299,630Larimer
57%
146,723Mesa
57%
14,843Grand
56%
1,394Jackson
55%
27,994Summit
54%
52,197Eagle
54%
16,206Park
54%
7,310Lake
52%
15,324Gunnison
49%
8,270Kit Carson
47%
56,389Garfield
47%
15,507Las Animas
47%
17,148Pitkin
46%
15,445Alamosa
46%
699San Juan
46%
41,276Montrose
45%
23,086Elbert
45%
25,535Montezuma
45%
13,795Moffat
45%
23,509Routt
45%
28,159Morgan
45%
9,088Clear Creek
44%
30,952Delta
44%
23,350Teller
44%
10,043Yuma
43%
2,379Sedgwick
42%
6,711Huerfano
42%
5,441Gilpin
42%
1,836Cheyenne
42%
11,982Rio Grande
41%
6,666Rio Blanco
41%
3,788Baca
41%
4,436Ouray
41%
7,359San Miguel
40%
1,398Kiowa
39%
51,334La Plata
39%
17,809Chaffee
39%
8,256Conejos
38%
46,824Fremont
37%
12,084Archuleta
37%
22,709Logan
37%
2,064Dolores
36%
6,108Saguache
36%
18,831Otero
35%
712Mineral
35%
6,499Bent
35%
3,524Costilla
34%
4,442Phillips
33%
5,823Crowley
33%
4,255Custer
33%
843Hinsdale
33%
12,551Prowers
31%

Score Distribution

Percentile by Number Answered

Percent of People with Each Score

Your Score History

You have not taken this quiz